000 00495nam a2200145Ia 4500
008 230917s9999||||xx |||||||||||||| ||und||
040 _e166895
_aMAIN
041 _aEnglish
082 _a891.431721 SR92:TR
100 _aरामचन्द्र तिवारी, सम्पा.
245 0 _aरामचन्द्र शुक्ल संचयिता
260 _aनई दिल्ली
_bवाणी प्रकाशन
_c2003
300 _a460 पृ. p.
942 _cHN
999 _c138491
_d138491